[Event "FIDE World Bl Team Pool D"]
[Site "London ENG"]
[Date "2025.06.14"]
[Round "12.3"]
[White "Kozak, Adam"]
[Black "Mamedov, Edgar"]
[Result "1-0"]
[WhiteTitle "GM"]
[BlackTitle "IM"]
[WhiteElo "2587"]
[BlackElo "2509"]
[WhiteTeam "Team Hungary"]
[BlackTeam "Barys.kz"]
[WhiteFideId "753246"]
[BlackFideId "13739980"]
[EventDate "2025.06.14"]
[EventType "team"]

1. Nf3 d5 2. b3 Bf5 3. Bb2 e6 4. d3 Nf6 5. Nbd2 h6 6. g3 Be7 7. Bg2 O-O 8. O-O
a5 9. a3 Nbd7 10. Re1 Bh7 11. e4 dxe4 12. dxe4 Nc5 13. Ne5 c6 14. Qe2 Nfd7 15.
Ng4 Nf6 16. Ne5 Nfd7 17. Nxd7 Nxd7 18. Rad1 Qc7 19. Nc4 b5 20. Ne3 Rad8 21. Ng4
Bg6 22. h4 e5 23. h5 Bh7 24. Bh3 Bg5 25. b4 axb4 26. axb4 Rfe8 27. Rd3 Nb6 28.
Rxd8 Bxd8 29. Rd1 Bg5 30. Bxe5 Qe7 31. f4 Nc4 32. Bd4 Bxf4 33. gxf4 Qh4 34. Nf2
Qxf4 35. Qg4 Qxg4+ 36. Bxg4 Rd8 37. c3 f6 38. Be6+ Kh8 39. Bxc4 bxc4 40. Kg2 Bg8
41. Kf3 Bf7 42. Rh1 Ra8 43. Ng4 Re8 44. Ne3 Ra8 45. Nf5 Ra2 46. Ng3 Ra8 47. Rb1
Be8 48. Re1 Bf7 49. Kf4 Rd8 50. e5 fxe5+ 51. Rxe5 Kg8 52. Re7 Rf8 53. Nf5 Ra8
54. Bxg7 Ra1 55. Bd4 Rf1+ 56. Ke5 Bxh5 57. Rc7 Bg6 58. Nxh6+ Kf8 59. Ng4 Rf5+
60. Kd6 Rf4 61. Ne5 Be4 62. Kc5 Bd5 63. Ng6+ 1-0

[Event "FIDE World Bl Team Pool D"]
[Site "London ENG"]
[Date "2025.06.14"]
[Round "12.4"]
[White "Agmanov, Zhandos"]
[Black "Ruck, Robert"]
[Result "0-1"]
[WhiteTitle "IM"]
[BlackTitle "GM"]
[WhiteElo "2481"]
[BlackElo "2515"]
[WhiteTeam "Barys.kz"]
[BlackTeam "Team Hungary"]
[WhiteFideId "13708309"]
[BlackFideId "705713"]
[EventDate "2025.06.14"]
[EventType "team"]

1. e4 c6 2. d4 d5 3. Nc3 dxe4 4. Nxe4 Bf5 5. Ng3 Bg6 6. h4 h6 7. Nf3 Nd7 8. h5
Bh7 9. Bd3 Bxd3 10. Qxd3 e6 11. Bd2 Ngf6 12. O-O-O Be7 13. Ne4 Nxe4 14. Qxe4 Nf6
15. Qe2 Qd5 16. Kb1 Qe4 17. Be3 Ng4 18. Nd2 Qf5 19. f3 Nxe3 20. Qxe3 O-O-O 21.
Qe4 Qxe4 22. Nxe4 Rd5 23. c3 Rhd8 24. Kc2 e5 25. dxe5 Rxe5 26. Rxd8+ Kxd8 27.
Kd3 Kc7 28. c4 Ra5 29. a3 Re5 30. f4 Ra5 31. Nd2 Rf5 32. g3 Bf6 33. b3 Be7 34.
a4 a6 35. Nf3 Bf6 36. Ke4 Ra5 37. g4 b5 38. g5 Be7 39. axb5 cxb5 40. gxh6 gxh6
41. Ne5 bxc4 42. bxc4 f6 43. Ng6 Bd6 44. f5 Ra4 45. Kd5 a5 46. c5 Bg3 47. Nf8
Ra2 48. Ne6+ Kd7 49. c6+ Kc8 50. Rg1 Ra3 51. Rg2 a4 52. Kc4 Rf3 53. Nd4 Re3 54.
Nb5 Rf3 55. Re2 Be5 56. Ra2 Rxf5 57. Kc5 Bc7+ 58. Kc4 Rxh5 59. Rf2 Be5 60. Rg2
Rg5 61. Rd2 h5 62. Rd7 h4 63. Rh7 Rg4+ 64. Kd5 Kd8 65. Ke6 Rg8 66. Rd7+ Kc8 67.
Ra7 Kb8 68. Rb7+ Ka8 69. Rb6 h3 70. Ra6+ Kb8 71. Rb6+ Ka8 72. Ra6+ Kb8 73. Rb6+
Ka8 74. Ra6+ Kb8 75. Rb6+ Kc8 76. Ra6 h2 77. Ra8+ Bb8 78. c7 Kb7 79. cxb8=Q+
Rxb8 80. Ra7+ Kb6 81. Rh7 Kxb5 82. Rxh2 Kc4 83. Rh3 Rd8 84. Kxf6 Re8 85. Kf5 Kb4
86. Rh7 a3 87. Rb7+ Kc3 88. Kf4 a2 89. Ra7 Kb2 90. Rb7+ Kc2 91. Rc7+ Kb2 92.
Rb7+ Ka1 93. Kf3 Rc8 94. Ke2 Rc1 95. Kd2 Rb1 96. Ra7 Kb2 97. Rb7+ Ka3 98. Ra7+
Kb3 99. Kd3 a1=Q 100. Rb7+ Ka4 101. Ra7+ Kb5 0-1

[Event "FIDE World Bl Team Pool D"]
[Site "London ENG"]
[Date "2025.06.14"]
[Round "12.5"]
[White "Gaal, Zsoka"]
[Black "Balabayeva, Xeniya"]
[Result "1-0"]
[WhiteTitle "WGM"]
[BlackTitle "WGM"]
[WhiteElo "2391"]
[BlackElo "2352"]
[WhiteTeam "Team Hungary"]
[BlackTeam "Barys.kz"]
[WhiteFideId "777765"]
[BlackFideId "13719688"]
[EventDate "2025.06.14"]
[EventType "team"]

1. d4 d5 2. c4 e6 3. Nc3 Nf6 4. cxd5 exd5 5. Bg5 Be7 6. e3 c6 7. Bd3 Nbd7 8.
Nge2 Nh5 9. Bxe7 Qxe7 10. O-O O-O 11. Qd2 Nb6 12. f3 Bd7 13. Rae1 Rae8 14. e4
dxe4 15. fxe4 c5 16. d5 Qe5 17. Kh1 Nf6 18. Ng1 Ng4 19. Nf3 Qh5 20. Qf4 Ne5 21.
Be2 Nxf3 22. gxf3 Qe5 23. Qxe5 Rxe5 24. f4 Re7 25. e5 Bf5 26. Bf3 Rd8 27. Rd1 c4
28. d6 Red7 29. Ne4 Rc8 30. Rg1 Rdd8 31. Rg5 g6 32. h4 Kf8 33. h5 h6 34. Rgg1
Na4 35. hxg6 fxg6 36. Rd2 c3 37. bxc3 Nxc3 38. Nxc3 Rxc3 39. Bd5 b6 40. Re1 Rc5
41. e6 Rxd6 42. e7+ Ke8 43. Bf7+ Kxf7 44. e8=Q+ 1-0

[Event "FIDE World Bl Team Pool D"]
[Site "London ENG"]
[Date "2025.06.14"]
[Round "12.6"]
[White "Nurakyn, Suleiman"]
[Black "Marton-John, Almos Kiran"]
[Result "0-1"]
[WhiteElo "1773"]
[BlackElo "1987"]
[WhiteTeam "Barys.kz"]
[BlackTeam "Team Hungary"]
[WhiteFideId "447003073"]
[BlackFideId "17013135"]
[EventDate "2025.06.14"]
[EventType "team"]

1. d4 d5 2. c4 dxc4 3. e3 Nf6 4. Nf3 e6 5. Bxc4 a6 6. a4 Bb4+ 7. Nc3 c5 8. O-O
O-O 9. Qc2 Nc6 10. Rd1 Qc7 11. d5 Bxc3 12. Qxc3 exd5 13. Bxd5 Nxd5 14. Rxd5 b6
15. b3 Be6 16. Bb2 f6 17. Rd2 Rad8 18. Rad1 Rxd2 19. Rxd2 Rd8 20. h3 Rxd2 21.
Nxd2 Qd6 22. Ba3 a5 23. Nc4 Qd8 24. Kh2 Ne7 25. e4 Nc6 26. Bb2 Nd4 27. Qd3 Bxc4
28. Qxc4+ Kf8 29. Ba3 Qd6+ 30. g3 Nc6 31. Qa6 Nd4 32. Qc8+ Kf7 33. Qb7+ Kg8 34.
Qc8+ Kf7 35. Qa6 Nxb3 36. Qc4+ Qe6 37. Qa6 Nd4 38. Qb7+ Kg6 39. Kg2 Qc6 40. Qe7
Qe6 41. Qb7 Qb3 42. Bc1 Qxa4 43. Be3 Qc6 44. Qe7 Qe6 45. Qb7 Nc2 46. Bf4 Nb4 47.
h4 h5 48. Qb8 a4 49. Qb7 a3 50. e5 fxe5 51. Qe4+ Qf5 52. Qxe5 Qxe5 53. Bxe5 a2
54. Kf3 Nc2 55. Ke4 a1=Q 56. Bxa1 Nxa1 57. Kd5 Nc2 58. Kc6 c4 59. Kxb6 Ne1 60.
Kc5 c3 61. Kc4 c2 62. Kd4 c1=Q 63. f4 Qd2+ 64. Ke4 Qd3+ 65. Ke5 Qf5+ 66. Kd4
Nf3+ 67. Ke3 Qg4 68. Kf2 Nd4 69. Kg2 Qf3+ 70. Kh2 Ne2 71. f5+ Kxf5 72. g4+ Qxg4
73. Kh1 Qg1# 0-1

[Event "FIDE World Bl Team Pool D"]
[Site "London ENG"]
[Date "2025.06.14"]
[Round "12.1"]
[White "Sagalchik, Gennadij"]
[Black "Kohlmann, Robert"]
[Result "1-0"]
[WhiteTitle "GM"]
[WhiteElo "2434"]
[BlackElo "2026"]
[WhiteTeam "Perfect"]
[BlackTeam "REY AHOGADO"]
[WhiteFideId "2007916"]
[BlackFideId "14900467"]
[EventDate "2025.06.14"]
[EventType "team"]

1. d4 d6 2. e4 Nf6 3. Nc3 g6 4. Bg5 Bg7 5. Qd2 c6 6. f3 Nbd7 7. O-O-O b5 8. e5
dxe5 9. dxe5 Ng8 10. f4 Qc7 11. Ne4 Bb7 12. Nf3 O-O-O 13. Qc3 h6 14. Bh4 g5 15.
Bg3 g4 16. Nd4 f5 17. Nxf5 e6 18. Nxg7 1-0

[Event "FIDE World Bl Team Pool D"]
[Site "London ENG"]
[Date "2025.06.14"]
[Round "12.2"]
[White "Medal Paves, Jose Maria"]
[Black "Atlas, Valery"]
[Result "0-1"]
[BlackTitle "IM"]
[WhiteElo "1968"]
[BlackElo "2401"]
[WhiteTeam "REY AHOGADO"]
[BlackTeam "Perfect"]
[WhiteFideId "24501492"]
[BlackFideId "12000035"]
[EventDate "2025.06.14"]
[EventType "team"]

1. e4 c5 2. Be2 e6 3. f4 d5 4. d3 b6 5. Nf3 Bb7 6. Nc3 dxe4 7. dxe4 Qxd1+ 8.
Bxd1 Nf6 9. e5 Nd5 10. Nb5 a6 11. Na3 Be7 12. Bd2 O-O 13. Be2 Nc6 14. c3 f6 15.
exf6 gxf6 16. O-O Kh8 17. Rad1 Rad8 18. Bc1 Bd6 19. g3 Bc7 20. Nc4 Nce7 21. Ne3
Nxe3 22. Bxe3 Nd5 23. Bf2 Ne7 24. Rxd8 Rxd8 25. Rd1 Rxd1+ 26. Bxd1 Kg7 27. Nd2
Bd5 28. c4 Bc6 29. Bf3 Be8 30. Kf1 Nf5 31. Ke2 Bg6 32. Be4 Kf7 33. Kd3 Ke7 34.
Kc3 e5 35. fxe5 Bxe5+ 36. Kc2 Nd4+ 37. Bxd4 Bxd4 38. b3 f5 39. Bd3 Bf6 40. Nf3
Bh5 41. Nh4 Bxh4 42. gxh4 Kf6 43. Kd2 h6 44. Ke3 Ke5 45. Bf1 Bd1 46. Bg2 Bc2 47.
Kd2 Be4 48. Bf1 Kd4 49. Be2 0-1

[Event "FIDE World Bl Team Pool D"]
[Site "London ENG"]
[Date "2025.06.14"]
[Round "12.3"]
[White "Zlotnik, Boris A"]
[Black "Schneider Sanchez, Carlos D."]
[Result "1-0"]
[WhiteTitle "IM"]
[WhiteElo "2433"]
[BlackElo "2003"]
[WhiteTeam "Perfect"]
[BlackTeam "REY AHOGADO"]
[WhiteFideId "4101413"]
[BlackFideId "22230440"]
[EventDate "2025.06.14"]
[EventType "team"]

1. d4 d5 2. c4 e6 3. Nc3 h6 4. Nf3 Nf6 5. g3 Bd6 6. Bg2 O-O 7. c5 Be7 8. b4 c6
9. Bf4 Nh5 10. O-O Nxf4 11. gxf4 Qc7 12. Ne5 Nd7 13. e3 f6 14. Ng6 Re8 15. Qh5
Nf8 16. Nh4 Bd8 17. Qxe8 Rb8 18. Ng6 Qf7 19. Qxf7+ Kxf7 20. Nxf8 Kxf8 21. Rfb1
a6 22. a4 Bc7 23. b5 axb5 24. axb5 e5 25. b6 Bd8 26. fxe5 fxe5 27. dxe5 Bf5 28.
Rb4 g5 29. Rba4 Be7 30. Ra8 1-0

[Event "FIDE World Bl Team Pool D"]
[Site "London ENG"]
[Date "2025.06.14"]
[Round "12.4"]
[White "Cujba, Anca-Claudia"]
[Black "Arakhamia-Grant, Ketevan"]
[Result "0-1"]
[BlackTitle "GM"]
[WhiteElo "1741"]
[BlackElo "2269"]
[WhiteTeam "REY AHOGADO"]
[BlackTeam "Perfect"]
[WhiteFideId "1215612"]
[BlackFideId "13600168"]
[EventDate "2025.06.14"]
[EventType "team"]

1. e4 c5 2. Nf3 Nc6 3. d3 g6 4. g3 Bg7 5. Bg2 e6 6. c3 d5 7. Qe2 Nge7 8. Bg5 h6
9. Bd2 Qc7 10. Na3 a6 11. Rd1 O-O 12. O-O b5 13. Nc2 Bb7 14. a3 Rad8 15. Nh4 g5
16. Nf3 Ng6 17. Be3 Nce7 18. h3 dxe4 19. dxe4 Bxe4 20. a4 c4 21. Ncd4 Bd3 22.
Qd2 Bxf1 0-1

[Event "FIDE World Bl Team Pool D"]
[Site "London ENG"]
[Date "2025.06.14"]
[Round "12.5"]
[White "Atlas, Dmitry"]
[Black "Heimbaecher, Peter"]
[Result "1-0"]
[WhiteTitle "FM"]
[WhiteElo "2107"]
[BlackElo "1804"]
[WhiteTeam "Perfect"]
[BlackTeam "REY AHOGADO"]
[WhiteFideId "12000051"]
[BlackFideId "24617431"]
[EventDate "2025.06.14"]
[EventType "team"]

1. e4 e5 2. Nf3 f5 3. exf5 e4 4. Nd4 Nf6 5. d3 c5 6. Nb3 d5 7. dxe4 Nxe4 8. Bb5+
Nc6 9. Qh5+ Kd7 10. O-O Nf6 11. Qf3 a6 12. Bxc6+ bxc6 13. c4 Bb7 14. Bg5 h6 15.
Bh4 Be7 16. Nc3 d4 17. Bxf6 Bxf6 18. Nxc5+ Kc8 19. N3e4 Kb8 20. Rad1 Ka7 21.
Nxb7 Kxb7 22. Nc5+ Kb6 23. Ne6 Qd6 24. c5+ 1-0

[Event "FIDE World Bl Team Pool D"]
[Site "London ENG"]
[Date "2025.06.14"]
[Round "12.1"]
[White "Kawuma, Patrick"]
[Black "Orozbaev, Eldiyar"]
[Result "0-1"]
[WhiteTitle "FM"]
[BlackTitle "IM"]
[WhiteElo "2231"]
[BlackElo "2367"]
[WhiteTeam "Equity Bank, Kenya"]
[BlackTeam "Noval Group Kyrgyzstan"]
[WhiteFideId "10000127"]
[BlackFideId "13802240"]
[EventDate "2025.06.14"]
[EventType "team"]

1. c4 c6 2. d4 Nf6 3. Nc3 d5 4. cxd5 cxd5 5. Bf4 Nc6 6. e3 Bg4 7. Qb3 Na5 8.
Bb5+ Bd7 9. Qa4 Nc6 10. Nf3 a6 11. Be2 b5 12. Qd1 e6 13. O-O Bb4 14. Rc1 O-O 15.
a3 Bxc3 16. Rxc3 Ne4 17. Rc1 Rc8 18. a4 Na5 19. axb5 Bxb5 20. Rxc8 Qxc8 21. Bxb5
axb5 22. Qa1 Nb3 23. Qa3 Qc4 24. Ne5 Qe2 25. Bg3 Ned2 26. Ra1 Nxa1 27. Qxa1 Nb3
28. Qb1 Ra8 0-1

[Event "FIDE World Bl Team Pool D"]
[Site "London ENG"]
[Date "2025.06.14"]
[Round "12.2"]
[White "Degenbaev, Aziz"]
[Black "Gurevich, Artjom"]
[Result "1-0"]
[WhiteTitle "FM"]
[WhiteElo "2286"]
[BlackElo "2183"]
[WhiteTeam "Noval Group Kyrgyzstan"]
[BlackTeam "Equity Bank, Kenya"]
[WhiteFideId "13802640"]
[BlackFideId "2603870"]
[EventDate "2025.06.14"]
[EventType "team"]

1. c4 e6 2. Nc3 d5 3. d4 c5 4. e3 Nc6 5. Nf3 Nf6 6. a3 cxd4 7. exd4 Bd6 8. Bd3
dxc4 9. Bxc4 O-O 10. O-O h6 11. Re1 Ne7 12. Bd3 Ned5 13. Ne2 Bd7 14. Ne5 Rc8 15.
Ng3 Bc6 16. Ne4 Nxe4 17. Bxe4 Bxe5 18. dxe5 Nb6 19. Qg4 Bxe4 20. Rxe4 Kh7 21. h3
Rc2 22. b4 Qd3 23. Be3 Nd5 24. Rd1 Nxe3 25. Rxe3 Qc4 26. Re4 Qc6 27. Rf4 Rc1 28.
Kh2 Rxd1 29. Qxd1 Kg8 30. Qd4 a6 31. Rf3 Rc8 32. Rg3 Qc4 33. Qd2 Qc1 34. Qd7 Qc7
35. Qd4 Qc4 36. Qe3 1-0

[Event "FIDE World Bl Team Pool D"]
[Site "London ENG"]
[Date "2025.06.14"]
[Round "12.3"]
[White "Andiwoh, Moses"]
[Black "Zhakshylykov, Erzhan"]
[Result "0-1"]
[BlackTitle "IM"]
[WhiteElo "1796"]
[BlackElo "2362"]
[WhiteTeam "Equity Bank, Kenya"]
[BlackTeam "Noval Group Kyrgyzstan"]
[WhiteFideId "10801502"]
[BlackFideId "13804111"]
[EventDate "2025.06.14"]
[EventType "team"]

1. e4 e6 2. d3 d5 3. Nd2 Nf6 4. g3 dxe4 5. dxe4 Nc6 6. Bg2 Bc5 7. Ngf3 e5 8. O-O
O-O 9. c3 a5 10. Qe2 b6 11. Nb3 Ba6 12. c4 Be7 13. Bg5 Nd7 14. Bxe7 Qxe7 15.
Nbd2 Nc5 16. b3 Rad8 17. Rad1 a4 18. b4 Nxb4 19. Nb1 Qe6 20. Rc1 Nc6 21. Rc3 Nd4
22. Nxd4 Rxd4 23. Nd2 Rfd8 24. Rc2 Qd6 25. Nf3 Rxe4 0-1

[Event "FIDE World Bl Team Pool D"]
[Site "London ENG"]
[Date "2025.06.14"]
[Round "12.4"]
[White "Iunusov, Nuriddin"]
[Black "Kuka Kyle"]
[Result "1-0"]
[WhiteTitle "CM"]
[WhiteElo "1953"]
[BlackElo "1892"]
[WhiteTeam "Noval Group Kyrgyzstan"]
[BlackTeam "Equity Bank, Kenya"]
[WhiteFideId "13803026"]
[BlackFideId "10831533"]
[EventDate "2025.06.14"]
[EventType "team"]

1. e4 c6 2. Nc3 d5 3. Nf3 Bg4 4. h3 Bxf3 5. Qxf3 e6 6. d4 dxe4 7. Qxe4 Nf6 8.
Qd3 Nbd7 9. Be2 Be7 10. Bf4 O-O 11. O-O c5 12. Rad1 Qa5 13. dxc5 Nxc5 14. Qe3
Na4 15. Nxa4 Qxa4 16. Bf3 Qxc2 17. Bxb7 Rad8 18. Rxd8 Rxd8 19. Be5 Qa4 20. a3
Qb5 21. Bf3 a5 22. Rc1 Nd5 23. Qe2 Qxe2 24. Bxe2 Bf6 25. Bxf6 Nxf6 26. b4 axb4
27. axb4 Kf8 28. b5 Ke7 29. b6 Rb8 30. Rc7+ Ke8 31. b7 Nd5 32. Rc8+ 1-0

[Event "FIDE World Bl Team Pool D"]
[Site "London ENG"]
[Date "2025.06.14"]
[Round "12.5"]
[White "Kabugu, Njagi"]
[Black "Lesbekova, Assel"]
[Result "0-1"]
[BlackTitle "WCM"]
[WhiteElo "1682"]
[BlackElo "1948"]
[WhiteTeam "Equity Bank, Kenya"]
[BlackTeam "Noval Group Kyrgyzstan"]
[WhiteFideId "10806075"]
[BlackFideId "13713248"]
[EventDate "2025.06.14"]
[EventType "team"]

1. e4 c5 2. d3 e6 3. Be3 d5 4. exd5 exd5 5. d4 c4 6. Nc3 Nf6 7. Be2 Bb4 8. Bd2
Nc6 9. a3 Ba5 10. Nf3 Bg4 11. O-O O-O 12. Re1 Bxf3 13. Bxf3 Nxd4 14. Bg5 Bxc3
15. bxc3 Nxf3+ 16. Qxf3 h6 17. Bh4 Qd6 18. Rab1 Ne4 19. Rxb7 Qxa3 20. Be7 Qa6
21. Reb1 Nd2 22. Qxd5 Nxb1 0-1

[Event "FIDE World Bl Team Pool D"]
[Site "London ENG"]
[Date "2025.06.14"]
[Round "12.6"]
[White "Zhunusbekova, Aimonchok"]
[Black "Mutisya, Jully"]
[Result "1-0"]
[BlackTitle "WCM"]
[WhiteElo "1890"]
[BlackElo "1822"]
[WhiteTeam "Noval Group Kyrgyzstan"]
[BlackTeam "Equity Bank, Kenya"]
[WhiteFideId "13810251"]
[BlackFideId "10814922"]
[EventDate "2025.06.14"]
[EventType "team"]

1. e4 d6 2. d4 g6 3. Nc3 Bg7 4. Nf3 a6 5. a4 Nd7 6. Bd3 c5 7. Be3 cxd4 8. Bxd4
Ngf6 9. Nd5 O-O 10. O-O Nc5 11. Nxf6+ exf6 12. b4 Nd7 13. Re1 Ne5 14. c3 Bg4 15.
Be2 Rc8 16. Nxe5 Bxe2 17. Nxf7 Bxd1 18. Nxd8 Rfxd8 19. Raxd1 d5 20. Bb6 Rd7 21.
Rd3 Rc4 22. exd5 f5 23. d6 Bxc3 24. Rc1 Rxb4 25. Ba5 Rxa4 26. Bxc3 b5 27. Bf6 1-0

[Event "FIDE World Bl Team Pool D"]
[Site "London ENG"]
[Date "2025.06.14"]
[Round "12.1"]
[White "Grahn, Vidar"]
[Black "Navara, David"]
[Result "0-1"]
[WhiteTitle "FM"]
[BlackTitle "GM"]
[WhiteElo "2239"]
[BlackElo "2657"]
[WhiteTeam "Uppsala SSS"]
[BlackTeam "Hetman GKS Katowice"]
[WhiteFideId "1744780"]
[BlackFideId "309095"]
[EventDate "2025.06.14"]
[EventType "team"]

1. d4 Nf6 2. c4 e6 3. g3 Bb4+ 4. Nd2 d5 5. Bg2 O-O 6. Nf3 dxc4 7. Qc2 Nc6 8.
Qxc4 Qd5 9. O-O Bxd2 10. Qxd5 exd5 11. Bxd2 Bf5 12. Bf4 Rac8 13. Nh4 Nxd4 14.
Nxf5 Nxf5 15. Bh3 g6 16. g4 Nd4 17. Rae1 Ne6 18. Bg3 c6 19. Bg2 Nxg4 20. e4 Nf6
21. e5 Nh5 22. Bh4 Nhf4 23. Bf3 Rfe8 24. Bf6 Rc7 25. h4 h5 26. Kh2 Kh7 27. Kg3
d4 28. Be4 Rd7 29. Kf3 Nd5 30. Rg1 Nxf6 31. exf6 d3 32. Re3 d2 33. Rd1 Red8 34.
Ra3 a6 35. Ra5 Kh6 36. Ke3 Rd6 37. f4 Nc7 38. f5 Nd5+ 39. Bxd5 Rxd5 40. Rxd5
Rxd5 41. fxg6 Kxg6 0-1

[Event "FIDE World Bl Team Pool D"]
[Site "London ENG"]
[Date "2025.06.14"]
[Round "12.2"]
[White "Klimkowski, Jan"]
[Black "Frank, Anton"]
[Result "1-0"]
[WhiteTitle "GM"]
[BlackTitle "CM"]
[WhiteElo "2508"]
[BlackElo "2183"]
[WhiteTeam "Hetman GKS Katowice"]
[BlackTeam "Uppsala SSS"]
[WhiteFideId "21856222"]
[BlackFideId "1752383"]
[EventDate "2025.06.14"]
[EventType "team"]

1. Nf3 d5 2. g3 Nf6 3. Bg2 e6 4. O-O Be7 5. c4 O-O 6. b3 d4 7. e3 c5 8. exd4
cxd4 9. Qe2 Nc6 10. Ne5 Nxe5 11. Qxe5 Nd7 12. Qe2 e5 13. d3 Re8 14. Ba3 a5 15.
Bxe7 Qxe7 16. Nd2 Nc5 17. Ne4 Ra6 18. Rfe1 Nxe4 19. Bxe4 h6 20. Bd5 Kh8 21. f4
f6 22. Qh5 Be6 23. Bxb7 Bf7 24. Qf3 Rd6 25. Bc6 Rc8 26. Be4 g6 27. f5 g5 28.
Rec1 Rb6 29. Rab1 Qa3 30. Qe2 Kg7 31. Qb2 Qc5 32. Qd2 Rcb8 33. Rb2 Be8 34. Rcb1
Bf7 35. Kf2 h5 36. h4 g4 37. Kg1 Qa3 38. Kh2 Qc5 39. Bg2 Bg8 40. Qe2 Bf7 41. Qe4
Qa3 42. Qe1 Qc5 43. Qd2 Bg8 44. Be4 Bf7 45. Qg2 Qa3 46. Bd5 Be8 47. c5 Qxc5 48.
Rc2 Qe7 49. Rbc1 Bd7 50. Rc7 1-0

[Event "FIDE World Bl Team Pool D"]
[Site "London ENG"]
[Date "2025.06.14"]
[Round "12.3"]
[White "Strom-Engdahl, Alexander"]
[Black "Seemann, Jakub"]
[Result "1/2-1/2"]
[WhiteTitle "FM"]
[BlackTitle "IM"]
[WhiteElo "2320"]
[BlackElo "2450"]
[WhiteTeam "Uppsala SSS"]
[BlackTeam "Hetman GKS Katowice"]
[WhiteFideId "1741586"]
[BlackFideId "21874697"]
[EventDate "2025.06.14"]
[EventType "team"]

1. Nf3 Nf6 2. c4 c5 3. Nc3 g6 4. g3 Bg7 5. Bg2 O-O 6. e4 Nc6 7. O-O d6 8. d3 Rb8
9. Ne1 a6 10. a4 Nd7 11. Be3 Nd4 12. Nc2 Nxc2 13. Qxc2 Ne5 14. h3 Nc6 15. Rab1
Nd4 16. Qd1 Bd7 17. Kh2 b5 18. axb5 axb5 19. cxb5 Nxb5 20. Qd2 Nd4 21. Bh6 e6
22. Bxg7 Kxg7 23. Ne2 Nxe2 24. Qxe2 Rb4 25. f4 f6 26. e5 Qb6 27. exd6 Qxd6 28.
Rbc1 Rfb8 29. Rc2 Qd4 30. Qe4 Qxe4 31. dxe4 c4 32. Rfc1 Rc8 33. Bf1 Ba4 34. Rxc4
Rxb2+ 35. Bg2 Rxc4 36. Rxc4 Be8 37. Rc7+ Kh6 38. Re7 Bb5 39. Kg1 Bc4 40. Rc7 Ba2
41. Ra7 g5 42. fxg5+ fxg5 43. Rc7 Kg6 44. Ra7 h5 45. Rc7 h4 46. gxh4 gxh4 47.
Rc8 e5 48. Rh8 Kg5 49. Rh7 Be6 50. Kh2 Bc4 51. Rg7+ Kf4 52. Rg4+ Ke3 53. Rxh4
Bf1 54. Rg4 Bxg2 55. Rxg2 Rb4 56. Rg3+ Kf4 57. Rg4+ Kf3 58. Kg1 Rb1+ 59. Kh2
Rb2+ 60. Kg1 Re2 61. Rg8 Re1+ 62. Kh2 Rxe4 63. Rf8+ Ke2 64. Re8 Re3 65. Kg2 e4
66. h4 Kd3 67. Rd8+ Kc3 68. Re8 Re2+ 69. Kg3 Kd3 70. h5 Re1 71. Kg4 Rh1 72. Kg5
e3 73. h6 e2 74. Kg6 Rg1+ 75. Kf7 Rf1+ 76. Kg7 Rg1+ 77. Kf7 Rh1 78. Kg7 Rh4 79.
Rxe2 Kxe2 80. h7 Rxh7+ 81. Kxh7 1/2-1/2

[Event "FIDE World Bl Team Pool D"]
[Site "London ENG"]
[Date "2025.06.14"]
[Round "12.4"]
[White "Cieslak, Patryk"]
[Black "Nilsson, Oliver"]
[Result "1-0"]
[WhiteTitle "FM"]
[WhiteElo "2442"]
[BlackElo "2129"]
[WhiteTeam "Hetman GKS Katowice"]
[BlackTeam "Uppsala SSS"]
[WhiteFideId "21078882"]
[BlackFideId "1730177"]
[EventDate "2025.06.14"]
[EventType "team"]

1. c4 Nf6 2. Nc3 g6 3. e4 d6 4. d4 Bg7 5. Be2 O-O 6. Nf3 e5 7. O-O Na6 8. Re1
Bg4 9. d5 Nc5 10. Nd2 Bd7 11. b4 Na6 12. a3 c6 13. dxc6 bxc6 14. c5 Nc7 15. cxd6
Ne6 16. Nf3 Ne8 17. Be3 f5 18. Bc4 f4 19. Bc5 g5 20. Qb3 Qf6 21. Nxg5 Qxg5 22.
Bxe6+ Bxe6 23. Qxe6+ Kh8 24. f3 Rf6 25. Qg4 Qxg4 26. fxg4 Nxd6 27. Bxd6 Rxd6 28.
Rad1 Rad8 29. Rxd6 Rxd6 30. Rd1 Rd4 31. Kf2 Kg8 32. Rxd4 exd4 33. Ne2 Be5 34.
Nc1 Kf7 35. Nd3 Ke6 36. Ke2 Bd6 37. Ne1 c5 38. bxc5 Bxc5 39. a4 Ke5 40. Kd3 Bb6
41. Nf3+ Kd6 42. Nxd4 Kc5 43. e5 Kb4 44. a5 Kxa5 45. e6 Bd8 46. Nc6+ Kb6 47.
Nxd8 Kc7 48. Nb7 a5 49. Nxa5 Kd6 50. Ke4 Kxe6 51. Kxf4 1-0

[Event "FIDE World Bl Team Pool D"]
[Site "London ENG"]
[Date "2025.06.14"]
[Round "12.5"]
[White "Ostensson, Julia"]
[Black "Saduakassova, Dinara"]
[Result "0-1"]
[BlackTitle "IM"]
[WhiteElo "1996"]
[BlackElo "2435"]
[WhiteTeam "Uppsala SSS"]
[BlackTeam "Hetman GKS Katowice"]
[WhiteFideId "1747703"]
[BlackFideId "13700090"]
[EventDate "2025.06.14"]
[EventType "team"]

1. d4 Nf6 2. c4 e6 3. Nf3 b6 4. e3 Bb7 5. Be2 Be7 6. O-O d5 7. Nc3 O-O 8. b3
Nbd7 9. Bb2 c5 10. Rc1 dxc4 11. bxc4 cxd4 12. exd4 Rc8 13. Ne5 a6 14. Bf3 Qc7
15. Bxb7 Qxb7 16. Qe2 Rfd8 17. Rfd1 h6 18. h3 Qc7 19. Nxd7 Rxd7 20. Nb1 Qb7 21.
Nd2 Rdc7 22. Rc2 b5 23. Rdc1 bxc4 24. Nxc4 Qb5 25. Qd3 Nd5 26. Kf1 Nb4 27. Qb3
Nxc2 0-1

[Event "FIDE World Bl Team Pool D"]
[Site "London ENG"]
[Date "2025.06.14"]
[Round "12.6"]
[White "Smolinski, Wojciech"]
[Black "Letoret, Tim"]
[Result "0-1"]
[WhiteElo "1987"]
[BlackElo "1907"]
[WhiteTeam "Hetman GKS Katowice"]
[BlackTeam "Uppsala SSS"]
[WhiteFideId "21088683"]
[BlackFideId "269638"]
[EventDate "2025.06.14"]
[EventType "team"]

1. e4 c6 2. Nf3 d5 3. Nc3 dxe4 4. Nxe4 Nf6 5. Qe2 Nxe4 6. Qxe4 Nd7 7. d4 Nf6 8.
Qf4 Nd5 9. Qd2 Bf5 10. Bd3 Bxd3 11. Qxd3 e6 12. O-O Be7 13. c4 Nb6 14. Bf4 Bf6
15. Rfd1 O-O 16. Rac1 Qd7 17. b3 Rfd8 18. Qe2 Qe7 19. Ne5 c5 20. dxc5 Qxc5 21.
Qe4 Bxe5 22. Bxe5 f6 23. Bf4 Qh5 24. Qxe6+ Kh8 25. Rxd8+ Rxd8 26. Re1 h6 27. c5
Nd5 28. Bd6 Nb4 29. Qe7 Rg8 30. Qxb7 Nd3 31. Rf1 Qe2 32. c6 Re8 33. h3 Qe4 34.
Qd7 Qe2 35. Ra1 Qxf2+ 36. Kh1 Re1+ 37. Rxe1 Qxe1+ 38. Kh2 Ne5 39. Qc8+ Kh7 40.
c7 Qe4 41. Qa6 Qf4+ 42. Kg1 Qe3+ 43. Kh1 Qc1+ 44. Kh2 Qf4+ 45. Kg1 Qe3+ 46. Kf1
Nd3 47. Qxd3+ Qxd3+ 48. Kg1 Qc3 49. b4 Kg6 50. a4 Kf7 51. b5 Ke6 52. a5 Kd7 53.
b6 axb6 54. axb6 Qc6 55. b7 Qxb7 0-1